000 02202cam a2200625 4500
001 20311
003 VRT
005 20260121114056.0
008 220509s2020 xo oc erh 000 1bslo
015 _aSNBA2020/12
020 _a9788055173238
_q(viazané)
035 _aurn:nbn:sk:snk-am00ggfw
035 _aurn:nbn:sk:snk-am3j78a
035 _a69B7A8C6-02E4-457C-86F5-61FAEC4B2C17
039 9 _a202401191058
_bmsvkbb04
_c202401151005
_dmsvkbb08
_c202301170718
_dAUTHORITY
_c202205091656
_dVLOAD
040 _aTTKJF
_bslo
_cTTKJF ‬
_erda
041 0 _aslo
043 _ae-xo---
044 _axo
_cSK
072 7 _a78.07
_xHudobníci, skladatelia a iné hudobné povolania
_2konspekt
072 7 _a929
_xBiografie
_2konspekt
080 _a78.071.2-055.1
_22011
080 _a78.03.011.26
_22011
080 _a(437.6)
_22011
080 _a(0:82-94)
_22011
100 1 _aLispuchová, Silvia,
_d1956-
_4aut
245 1 0 _aPosledný bohém
_cSilvia Lispuchová, Alena Horváthová-Čisáriková
264 1 _aBratislava
_bIkar, a.s.
_c2020
300 _a239 strán
_bfotografie, portréty
_c21 cm
336 _atext
_btxt
_2rdacontent
337 _abez média
_bn
_2rdamedia
338 _azväzok
_bnc
_2rdacarrier
500 _aObsahuje profesijné údaje o autorkách na záložke prebalu publikácie
600 1 7 _aDuchoň, Karol,
_d1950-1985
_2SNKMA
648 7 _a20. stor.
_2SNKPH
648 7 _a20th century
_2SNKPHeng
650 0 7 _aspeváci
_2SNKPH
650 0 7 _apopulárna hudba
_2SNKPH
650 0 7 _aSingers
_2SNKPHeng
650 0 7 _aPopular music
_2SNKPHeng
651 7 _aSlovensko
_2SNKPHgeo
651 7 _aSlovakia
_2SNKPHeng
655 7 _aspomienky
_2SNKPH
655 7 _aReminiscences
_2SNKPHeng
700 1 _aHorváthová-Čisáriková, Alena
_4aut
700 1 _aKittler, Dušan
_4pht
700 1 _aProcházka, Peter,
_d1952-
_4pht
700 1 _aŠramko, Juraj
_4bjd
910 _asnk
942 _2ddc
_cOLDO
_n0
949 _617A1447326
_asnkSC 191181
_bsnk2020/21849
_o1694/2020
_s6100:20210108
949 _617A1447327
_asnkSC 191181 D1
_bsnk2020/21850
_o1694/2020
949 _6270001000675570
_asvkbbA 168610
_bsvkbbm 808826
949 _6273K0654204
_asvkpoA 245936
_bsvkpo648219
999 _c20311
_d20311